| 000 | 00611cam a22001815a 4500 | ||
|---|---|---|---|
| 001 | L155489 | ||
| 008 | 120326s1811 xxk f 000 0 eng d | ||
| 035 | _a(Sirsi) u155489 | ||
| 041 | 0 | _aeng | |
| 100 | 1 | _aMacDonald, James | |
| 245 | 0 | 0 |
_aGeneral view of the agriculture of the Hebrides, or Western Isles of Scotland _bwith observations on the means of their improvement |
| 260 |
_aEdinburgh _bPrinted for Sir Richard Phillips _c1811 |
||
| 300 |
_avii, 824 p. _c22 cm. |
||
| 583 |
_aCondition reviewed _c20120620 _lcondition level 3 |
||
| 651 | 4 |
_aGreat Britain _y1707- |
|
| 690 |
_aRural _96268 |
||
| 942 | _n0 | ||
| 999 |
_c113601 _d113601 |
||